| 000 | 00764cam0a220022900 4500 | ||
|---|---|---|---|
| 001 | lce00365775 | ||
| 008 | 790725s1977 ke r 001 0 eng | ||
| 010 | _a 77981076 | ||
| 035 | _a(Sirsi) r27213 | ||
| 035 | _a(DLC) 77981076 | ||
| 035 | _a(UPRA)lce00365775 | ||
| 043 | _af-ke--- | ||
| 050 | 0 |
_aZ857.K4 _bN58 |
|
| 082 | _a027/.0676/2 | ||
| 100 | 1 |
_aNjuguna, J. R. _6A91221.1 |
|
| 245 | 1 | 0 |
_aDirectory of libraries in Kenya / _ccompiled and edited by J. R. Njuguna. |
| 260 |
_aNairobi : _bGazelle Books, _c1977. |
||
| 500 | _aIncludes indexes. | ||
| 650 | 0 |
_aLibraries -- Kenya -- Directories. _zLibraries -- Kenya -- Directories. _xLibraries -- Kenya -- Directories. _6S65386.1 |
|
| 949 |
_aZ857.K4 _wlcc _i-28418 _mMAIN _tBOOK _lON-SHELF |
||
| 004 | 27213 | ||
| 999 |
_c188722 _d188722 |
||